| 000 | 00536nam a2200157Ia 4500 | ||
|---|---|---|---|
| 005 | 20240625020151.0 | ||
| 008 | 240331s9999 xx 000 0 und d | ||
| 020 | _a817041461x | ||
| 082 |
_bBAK _a100 |
||
| 100 | _aBakshi, S.R. | ||
| 245 | 0 |
_aArya samaj : _bSwami Dayananda and hisideology |
|
| 260 |
_aNew Delhi _bAnmol Publications _c1991 |
||
| 300 | _a303 p., | ||
| 500 | _aThe book deals with the social philosophy of Swami Dayananda who was a wonderful soul, a saint, a reformer, a scholar all combined in two volumes. | ||
| 942 | _cL | ||
| 999 |
_c1354 _d1354 |
||